Chân dung các nhà văn thế giới Dùng trong nhà trường T.5

محفوظ في:
التفاصيل البيبلوغرافية
المؤلف الرئيسي: Lưu, Đức Trung
التنسيق: كتاب
اللغة:Undetermined
منشور في: H. Giáo dục 2002
الموضوعات:
الوصول للمادة أونلاين:http://lrc.tdmu.edu.vn/opac/search/detail.asp?aID=2&ID=7109
الوسوم: إضافة وسم
لا توجد وسوم, كن أول من يضع وسما على هذه التسجيلة!
Thư viện lưu trữ: Trung tâm Học liệu Trường Đại học Thủ Dầu Một
LEADER 00655nam a2200217Ia 4500
001 TDMU_7109
008 210410s9999 xx 000 0 und d
082 |a 895.922 092 
090 |b L566 
100 |a Lưu, Đức Trung 
245 0 |a Chân dung các nhà văn thế giới 
245 0 |b Dùng trong nhà trường 
245 0 |c Lưu Đức Trung 
245 0 |n T.5 
260 |a H. 
260 |b Giáo dục 
260 |c 2002 
300 |a 141tr 
650 |a Tác giả; Nhà văn 
856 |u http://lrc.tdmu.edu.vn/opac/search/detail.asp?aID=2&ID=7109 
980 |a Trung tâm Học liệu Trường Đại học Thủ Dầu Một